| 000 | 00547nam a2200205Ia 4500 | ||
|---|---|---|---|
| 003 | GCL | ||
| 008 | 140319s9999 xx 000 0 eng d | ||
| 040 |
_aGCL / _cGCL |
||
| 082 | 0 | 4 |
_a796.4 _bA F |
| 100 | 1 | _aALLSEN, PHILIP | |
| 245 | 1 | 0 |
_aFITNESS FOR LIFE : AN INDIVIDUALIZED APPROACH / _cALLSEN, PHILIP |
| 700 | 1 | _aHARRISON, JOYCE | |
| 700 | 1 | _aVANCE, BARBARA | |
| 260 |
_a[S.N] : _bW C B BROUN AND BENCHMSRK PUBBISHERS ، _c1993 |
||
| 300 | _a260 P P | ||
| 650 | 0 | 4 | _aEXERCISES |
| 650 | 0 | 4 | _aFITNESS |
| 650 | 0 | 4 | _aSPORT |
| 942 |
_2ddc _cBK |
||
| 999 |
_c11577 _d11577 |
||